000 00405nam a2200169 a 4500
001 0000-9170
003 ELIB.Books
008 110520 1935
035 _a(ELIB.Books)0000-9322
082 _a813
_bGla
100 _aGlasgow, Ellen
245 _aVein of Iron
260 _bNew York: Penguin Books
_c1935
650 _aLiterature
942 _2ddc
_cBK
998 _cbat
_e2011-05-20
999 _c9170
_d9170